| 000 | 00496nam a2200181Ia 4500 | ||
|---|---|---|---|
| 008 | 230125s9999 xx 000 0 und d | ||
| 020 | _a81-7094-626-3 | ||
| 041 | _aeng | ||
| 082 |
_a659.1 _bVIS |
||
| 100 |
_aVision Books, Pub. _9108786 |
||
| 245 | _aCreative Marketing Communications | ||
| 260 |
_c2005 _bVision Books _aMumbai |
||
| 300 | _a160p | ||
| 500 | _aMarketing communication | ||
| 650 | _aMarketing Management | ||
| 700 |
_aVision Books, Pub. _9108786 |
||
| 999 |
_c85545 _d85545 |
||